Countries which EEZ is bigger than their actual land area - Statistics

General Stats
  • This quiz has been taken 49 times
  • The average score is 56 of 82
Answer Stats
Difference Country % Correct
6.596.255 km² United Kingdom
91%
1.517.000 km² United States
91%
11.139.305 km² France
89%
4.101.415 km² Japan
87%
1.635.196 km² Portugal
82%
2.925.039 km² Chile
80%
350.287 km² Denmark
80%
4.254.032 km² Indonesia
80%
340.037 km² Ireland
78%
3.440.999 km² Kiribati
78%
4.152.544 km² New Zealand
78%
1.999.971 km² Norway
78%
533.243 km² Spain
78%
651.062 km² Vanuatu
78%
1.337.053 km² Australia
76%
2.995.717 km² F.S. Micronesia
76%
467.009 km² Srilanka
76%
658.810 km² Tonga
76%
99.010 km² Haiti
73%
648.345 km² Iceland
73%
638.218 km² Madagascar
73%
1.282.957 km² Mauritius
73%
1.290.780 km² Philippines
73%
9.800 km² Saint Kitts and Nevis
73%
15.000 km² Saint Lucia
73%
35.933 km² Saint Vincent and the Grenadines
73%
1.336.104 km² Seychelles
73%
749.764 km² Tuvalu
73%
239.891 km² Cuba
71%
89.456 km² Cyprus
71%
207.456 km² Dominican Republic
71%
373.615 km² Greece
71%
239.842 km² Italy
71%
1.990.349 km² Marshall Islands
71%
308.459 km² Nauru
71%
603.519 km² Palau
71%
125.119 km² Samoa
71%
130.434 km² São Tomé and Príncipe
71%
339 km² Singapore
71%
186.468 km² Barbados
69%
796.528 km² Cape Verde
69%
161.517 km² Comoros
69%
28.235 km² Dominica
69%
923.025 km² Maldives
69%
54.507 km² Malta
69%
1.296.386 km² Mexico
69%
109.929 km² Antigua and Barbuda
67%
640.835 km² Bahamas
67%
1.264.704 km² Fiji
67%
27.082 km² Grenada
67%
3.868 km² Malaysia
67%
1.560.581 km² Solomon Islands
67%
375.259 km² South Korea
67%
523.546 km² Costa Rica
64%
793.670 km² Ecuador
64%
247.146 km² Jamaica
64%
223.679 km² Oman
64%
260.129 km² Panama
64%
47.034 km² Taiwan
64%
9.465 km² Bahrain
62%
4.305 km² Brunei
62%
69.921 km² El Salvador
62%
112.161 km² Netherlands
62%
73.899 km² Trinidad and Tobago
62%
1.939.448 km² Papua New Guinea
60%
20.019 km² Qatar
60%
286 km² Monaco
58%
187.395 km² Somalia
58%
12.385 km² Belize
56%
5.281 km² Guatemala
56%
137.050 km² Honduras
56%
2.438 km² Croatia
53%
55.320 km² East Timor
53%
4.207 km² Israel
53%
85.973 km² Vietnam
53%
315.528 km² South Africa
51%
275.458 km² Equatorial Guinea
49%
11.812 km² Gambia
49%
87.600 km² Guinea-Bissau
49%
9.064 km² Lebanon
49%
138.365 km² Liberia
40%
143.871 km² Sierra Leone
40%
No matching quizzes found
Score Distribution
Percent of People with Each Score
Percentile by Number Answered
Your Score History
You have not taken this quiz